000 00701cam a2200217 4500
001 WB3614-21
008 000000n2000 000 0 eng u
035 _a(Sirsi) u105218
245 _aLording it over the leaseholder
260 _c2000
490 _aSunday Telegraph
_v2 April 2000, 2B(2)
520 _aLooks at the problems with the system of Leasehold Valuation Tribunals, including the delays in getting a case heard, and inconsistencies in rulings.
590 _aWB
650 _aLEASEHOLD VALUATION TRIBUNALS
650 _aLVT DECISIONS
650 _aDELAYS
650 _aSERVICE CHARGES
650 _aLEASEHOLDERS
690 _aLANDLORD AND TENANT-LEASEHOLD REFORM
942 _n0
999 _c63095
_d63095